| 000 | 00405nam a2200157Ia 4500 | ||
|---|---|---|---|
| 008 | 210210b2005 xxu||||| |||| 00| 0 eng d | ||
| 020 | _a81 260 2173 X | ||
| 082 | _a820.08 RAMM | ||
| 100 | _aRAM (Atma). Ed. | ||
| 245 | _aMulk raj anand: a reader. | ||
| 260 |
_aN D _bSahitya Akademi _c2005 |
||
| 300 | _axxv,640 | ||
| 650 | _aMulk Raj Anand | ||
| 690 | _aIndian English Collection | ||
| 906 | _aSG04690 | ||
| 999 |
_c115119 _d115119 |
||